| 000 | 00670nam a2200181Ia 4500 | ||
|---|---|---|---|
| 008 | 151018s9999 xx 000 0 und d | ||
| 082 |
_bRBASDV7221 _a391.434 |
||
| 100 | _aदुर्गावती सिंह | ||
| 245 | _aछोटा परिवार सुखी परिवार | ||
| 250 | _b1 | ||
| 260 |
_bराधाकृष्ण _c1969 |
||
| 300 | _a48 | ||
| 600 | _aदुर्गावती सिंह | ||
| 630 | _aछोटा परिवार सुखी परिवार | ||
| 700 | _aदुर्गावती सिंह | ||
| 730 | _aछोटा परिवार सुखी परिवार | ||
| 942 | _cBOOK | ||
| 999 |
_c1009590 _d1009587 |
||